| 000 | 01137nam a2200385 b 4500 | ||
|---|---|---|---|
| 001 | 0000604 | ||
| 003 | DO-SdBPM | ||
| 005 | 20250905135217.0 | ||
| 007 | ta | ||
| 008 | 040607s2006 sp ||| ||spa | ||
| 017 |
_a _b |
||
| 020 | _a9788420449159 | ||
| 035 | _a | ||
| 040 |
_aDO-SdBPM _bspa _cBPMSU _erda |
||
| 080 | 0 | _a | |
| 082 | 4 |
_a863.6 _bS572c 2008 _222 |
|
| 100 | 1 |
_aSierra i Fabra, Jordi _d1947- _eautora _948 |
|
| 245 | 1 | 4 |
_aLas chicas de alambre / _cJordi Sierra i Fabra _h |
| 250 | _a22a. ed. | ||
| 260 |
_aMadrid : _bAlfaguara, _bSantillana ediciones generales, _c2006. |
||
| 300 |
_a220 p : _c22 cm |
||
| 336 |
_atexto _btxt _2rdacontent |
||
| 337 |
_asin mediación _bnc _2rdamedia |
||
| 338 |
_avolumen _bnc _2rdacarrier |
||
| 490 | 0 | _aRoja | |
| 500 | _aIncluye datos biográficos del autor. | ||
| 590 | _aInventariado, 2025/VM | ||
| 650 | 7 | _aNovela juvenil española. | |
| 650 | 7 |
_aMujeres _vNovela juvenil. |
|
| 650 | 7 |
_aModelos (Moda) _vNovela juvenil. |
|
| 700 | 1 |
_aHigueras Díez, Marta, _eeditor |
|
| 830 | _aRoja | ||
| 910 | _aVMateo V. Control de calidad. BPMSU | ||
| 942 |
_2ddc _cBK |
||
| 999 |
_c11134 _d11134 |
||